Mariano Marcos State University

University Library System

Drug interactions analysis and management 2007 / (Record no. 15665)

MARC details
000 -LEADER
fixed length control field 00686nam a22002057a 4500
005 - DATE AND TIME OF LATEST TRANSACTION
control field 20260122103031.0
008 - FIXED-LENGTH DATA ELEMENTS--GENERAL INFORMATION
fixed length control field 210608b |||||||| |||| 00| 0 eng d
020 ## - INTERNATIONAL STANDARD BOOK NUMBER
International Standard Book Number 1874392794 Pbk. Bp.
040 ## - CATALOGING SOURCE
Original cataloging agency MMSU
Transcribing agency ULS
Modifying agency ULS
050 ## - LIBRARY OF CONGRESS CALL NUMBER
Classification number RM 302 H36 2007 CHS
100 ## - MAIN ENTRY--PERSONAL NAME
Personal name Hansten, Philip D.
245 ## - TITLE STATEMENT
Title Drug interactions analysis and management 2007 /
Statement of responsibility, etc. Philip D. Hansten and John R. Horn.
260 ## - PUBLICATION, DISTRIBUTION, ETC.
Place of publication, distribution, etc. St. Louis, Missouri :
Name of publisher, distributor, etc. Wolter's Kluwer Health,
Date of publication, distribution, etc. 2007.
300 ## - PHYSICAL DESCRIPTION
Extent xvi, 1588 pages :
Other physical details illustrations ;
Dimensions 23 cm.
521 ## - TARGET AUDIENCE NOTE
Target audience note Includes index.
650 ## - SUBJECT ADDED ENTRY--TOPICAL TERM
Topical term or geographic name entry element Drug interactions.
650 ## - SUBJECT ADDED ENTRY--TOPICAL TERM
Topical term or geographic name entry element Drugs - Physiological effect.
650 ## - SUBJECT ADDED ENTRY--TOPICAL TERM
Topical term or geographic name entry element Drugs - Side effects.
942 ## - ADDED ENTRY ELEMENTS (KOHA)
Source of classification or shelving scheme
Koha item type Books
Holdings
Withdrawn status Lost status Source of classification or shelving scheme Damaged status Not for loan Home library Current library Shelving location Date acquired Inventory number Full call number Barcode Date last seen Price effective from Koha item type
          MMSU College of Health Sciences MMSU College of Health Sciences Circulation 06/08/2021 08-0175 RM 302 H36 2007 CHS 27830 06/08/2021 06/08/2021 Books

© 2023 Mariano Marcos State University. All Rights Reserved.

Powered by Koha